000 00335nam a22001457a 4500
008 210531b ||||| |||| 00| 0 eng d
020 _a0721634249
041 _aeng
080 _a591
082 _a591
100 _a7
101 _aZOO
245 _aTextbook of Veterinary Internal Medicine
_cStephen J. Ettinger
942 _2udc
_cBK
999 _c57831
_d57831